| 000 | 00927nam a22002417a 4500 | ||
|---|---|---|---|
| 005 | 20170824115005.0 | ||
| 010 | _a1516EN07 ENG-114668 | ||
| 020 |
_a9780007583089 _c499.00 |
||
| 035 | _aEN-98200 | ||
| 035 | _aB-601957-967 | ||
| 035 | _aB-667760 | ||
| 037 |
_adpl _bKKP/Ven |
||
| 037 | _bDBAD/PUB | ||
| 082 | _aS | ||
| 100 | _aMantel, Hilary | ||
| 245 |
_aThe assassination of Margaret Thatcher and other stories / _cby Hilary Mantel |
||
| 260 |
_aLondon _bFourth Estate _c2014 |
||
| 270 |
_a77-85 Fulham Palace Road, Hammersmith, _bLondon _eW6 8JB |
||
| 300 |
_a242p. _c21cm(Hb) |
||
| 942 |
_2ddc _cEN _mMAN _hS |
||
| 999 |
_c96214 _d96214 |
||